00561caa a22001932a 4500001000900000003001100009008004700020092001500067100001400082245013000096245004900226300001000275440000600285440000600291260001300297650003300310942000900343999001500352 000711 AR-FADEU 311216n############xxu####################dd aPP(307)BOL aGross, P. bEl desarrollo progresivo de la vivienda como alternativa válida para los problemas habitacionales de los sectores populares aBoletín de medio ambiente y urbanización a21-24 v2 n6 cabr 1984 aMEDIO AMBIENTE; URBANIZACION cPPGR c3489d3489